Football : AJ Auxerre - Statistiques

Statistiques générales
  • Ce quiz a été pris 125 fois
  • Le résultat moyen est 12 sur 17
Statistiques - réponses
Questions Réponses % Correct
Quelles sont les principales couleurs du maillot auxerrois ? Blanc et Bleu
98%
Qui était l'entraîneur mythique de cette équipe ? Guy Roux
95%
A 2000 places près, quelle est la capacité de ce stade ? 18 000
86%
Comment s'appelle le stade de l'AJ Auxerre, tenant son nom d'un prêtre de l'Yonne ? Abbé Deschamps
86%
Quel club, désormais à des échelons inférieurs, est l'adversaire d'Auxerre dans le derby bourguignon ? Dijon FCO
86%
Quel joueur, ayant ensuite eu une carrière freinée par les blessures, a fait le bonheur de l'AJA au début des années 2000 ? Djibril Cissé
84%
En quelle année Auxerre a-t-il remporté son seul titre de champion de France ? 1996
83%
Que signifie le sigle AJA ? Association de la Jeunesse Auxerroise
80%
Quel joueur français, surnommé le "King" a joué à Auxerre avant de signer en Angleterre et notamment à Leeds et Manchester United ? Eric Cantona
79%
Quel défenseur central, surnommé le "président", faisait également partie de cette équipe ? Laurent Blanc
71%
En quelle année l'AJA a-t-elle créé la surprise en glanant une troisième place de Ligue 1 ? 2009-2010
69%
Qui était le gardien de but de cette équipe, également 3ème gardien de l'équipe de France à la coupe du monde 1998 ? Lionel Charbonnier
65%
En quelle année le club a-t-il été crée ? 1905
63%
Quel joueur ivoirien fait le bonheur du club auxerrois depuis la saison 2024-2025 ? Hamed Traoré Junior
61%
Quel joueur polonais est le meilleur buteur de l'histoire du club ? Andrzej Szarmach
42%
Quel joueur est le plus capé de l'histoire de l'AJA ? Fabien Cool
40%
Qui était l'entraîneur cette année-là ? Jean Fernandez
34%
Aucun quiz correspondant
Distribution des résultats
% des personnes avec chaque résultat
Percentile par nombre de réponses
Votre historique - résultats
Vous n’avez pas pris ce quiz